[Event "CAN-ch O1800"]
[Site "Toronto CAN"]
[Date "2025.04.19"]
[Round "3.20"]
[White "Cholakis, Max"]
[Black "Deshpande, Sarthak"]
[Result "0-1"]
[WhiteElo "1829"]
[BlackElo "1951"]
[WhiteFideId "-1"]
[WhiteFideId "-1"]
[PlyCount "118"]
[GameId "2183569897570360"]
[EventDate "2025.04.18"]
[EventType "swiss"]
[EventRounds "9"]
[EventCountry "CAN"]

1. e4 c6 2. Nc3 d5 3. Nf3 dxe4 4. Nxe4 Nf6 5. Qe2 Nxe4 6. Qxe4 Be6 7. c4 Nd7 8. d4 Nf6 9. Qc2 Bg4 10. Be3 Bxf3 11. gxf3 g6 12. Bd3 Bg7 13. O-O-O Qa5 14. Kb1 O-O 15. Rdg1 b5 16. Rg5 h6 17. Rc5 Nd7 18. Rxc6 bxc4 19. Bxc4 e6 20. Bd3 Qh5 21. f4 Nb6 22. Be4 Rac8 23. Rc7 Qb5 24. Bd3 Qd5 25. Rg1 Qd6 26. Rc3 Rxc3 27. bxc3 Nd5 28. Qd2 Rb8+ 29. Ka1 Qa3 30. Rc1 Rb3 31. Bc4 Rxc3 32. Bxd5 Rxc1+ 33. Qxc1 Bxd4+ 34. Kb1 Qxc1+ 35. Kxc1 Bxe3+ 36. fxe3 exd5 37. Kd2 Kf8 38. Kd3 Ke7 39. Kc3 Kd6 40. Kd4 f6 41. e4 dxe4 42. Kxe4 Ke6 43. f5+ gxf5+ 44. Kf4 h5 45. h4 a5 46. a4 Ke7 47. Kxf5 Kf7 48. Ke4 Ke6 49. Kd4 f5 50. Ke3 Ke5 51. Kf3 f4 52. Ke2 Ke4 53. Kf2 f3 54. Kf1 Kf4 55. Kf2 Kg4 56. Kg1 Kxh4 57. Kh1 Kg3 58. Kg1 f2+ 59. Kf1 h4 0-1

[Event "CAN-ch O1800"]
[Site "Toronto CAN"]
[Date "2025.04.19"]
[Round "3.21"]
[White "Syed, Farhaan"]
[Black "Fradkin, Benjamin"]
[Result "1-0"]
[WhiteElo "1789"]
[BlackElo "1939"]
[WhiteFideId "-1"]
[WhiteFideId "-1"]
[PlyCount "101"]
[GameId "2183569897570361"]
[EventDate "2025.04.18"]
[EventType "swiss"]
[EventRounds "9"]
[EventCountry "CAN"]

1. d4 d5 2. Nc3 Nf6 3. Bf4 a6 4. e3 Bf5 5. Nf3 h6 6. Bd3 Bxd3 7. cxd3 e6 8. Rc1 Bd6 9. Bxd6 cxd6 10. Qb3 b5 11. a4 O-O 12. axb5 Qb6 13. O-O Nbd7 14. Qa4 axb5 15. Qxb5 Rfb8 16. Qxb6 Rxb6 17. Rc2 Rab8 18. Rb1 e5 19. dxe5 dxe5 20. d4 e4 21. Ne5 Nxe5 22. dxe5 Nd7 23. Nxd5 Re6 24. Rc4 Rxe5 25. Nc3 f5 26. b4 Re6 27. Rd4 Ne5 28. Nd5 Kh7 29. b5 Ra6 30. Nc7 Ra7 31. Rd5 Nc4 32. Rc5 Rc8 33. Rxc4 Rcxc7 34. Rxc7 Rxc7 35. b6 Rb7 36. Kf1 Kg6 37. Ke2 Kf6 38. Rb5 g6 39. Kd2 Ke6 40. Kc3 Kd6 41. Kb4 Kc6 42. Kc4 Kd6 43. Rd5+ Ke6 44. Rb5 Kd6 45. Rd5+ Ke6 46. Rb5 Kd6 47. Kd4 Kc6 48. Rb4 Rd7+ 49. Kc4 Rb7 50. Rb2 h5 51. h4 1-0

[Event "CAN-ch O1800"]
[Site "Toronto CAN"]
[Date "2025.04.19"]
[Round "3.22"]
[White "Li, Aiden"]
[Black "Park, Haneul"]
[Result "0-1"]
[WhiteElo "1743"]
[BlackElo "1923"]
[WhiteFideId "-1"]
[WhiteFideId "-1"]
[PlyCount "149"]
[GameId "2183569897570362"]
[EventDate "2025.04.18"]
[EventType "swiss"]
[EventRounds "9"]
[EventCountry "CAN"]

1. c4 e5 2. Nc3 Nf6 3. g3 Bc5 4. Bg2 d6 5. Nf3 Nc6 6. O-O O-O 7. a3 Be6 8. d3 a5 9. b3 Qd7 10. Ng5 Bf5 11. Bb2 h6 12. Nge4 Nxe4 13. Nxe4 Ba7 14. Rc1 Bg4 15. Nd2 Rab8 16. Bf3 Bd4 17. Rc2 Bxb2 18. Rxb2 Nd4 19. Bxg4 Qxg4 20. e3 Qxd1 21. Rxd1 Ne6 22. Ne4 f5 23. Nc3 f4 24. Nb5 fxe3 25. fxe3 Rf3 26. Re2 Rd8 27. Kg2 Rf6 28. b4 axb4 29. axb4 c6 30. Nc3 d5 31. Rdd2 Ng5 32. c5 d4 33. Ne4 Nxe4 34. dxe4 Rf7 35. exd4 Rfd7 36. d5 cxd5 37. Rxd5 Rxd5 38. exd5 Rxd5 39. Kf3 Kf7 40. Ra2 Rd4 41. Rb2 Ke6 42. b5 Rc4 43. c6 b6 44. Ke3 g5 45. Rb3 Rc5 46. Kd2 Kd6 47. Kd3 Kc7 48. Ke4 Kd6 49. h3 Ke6 50. Ra3 Rxb5 51. Rc3 Rc5 52. Rb3 Rxc6 53. Rb5 Rc4+ 54. Kd3 Rc6 55. Ke4 Kf6 56. Rb4 Rd6 57. Rb5 Rd4+ 58. Ke3 Rd6 59. Ke4 Rc6 60. Rb4 h5 61. Kd5 Re6 62. Re4 Re7 63. Kc6 Kf5 64. Re3 Re6+ 65. Kd5 Re8 66. Rf3+ Kg6 67. Kc6 e4 68. Re3 Kf5 69. Kxb6 Ke5 70. Kc5 Rc8+ 71. Kb4 Kd4 72. Re1 Rb8+ 73. Ka3 Kd3 74. h4 g4 75. Ka2 0-1

[Event "CAN-ch O1800"]
[Site "Toronto CAN"]
[Date "2025.04.19"]
[Round "3.23"]
[White "Wang, Jonathan"]
[Black "Han, Ruochong"]
[Result "1-0"]
[WhiteElo "1911"]
[BlackElo "1702"]
[WhiteFideId "-1"]
[WhiteFideId "-1"]
[PlyCount "92"]
[GameId "2183569897570363"]
[EventDate "2025.04.18"]
[EventType "swiss"]
[EventRounds "9"]
[EventCountry "CAN"]

1. e4 d6 2. d4 Nf6 3. Bd3 g6 4. Bf4 Bg7 5. Qd2 O-O 6. f3 e5 7. Be3 exd4 8. Bxd4 Nc6 9. Bc3 Nh5 10. Bxg7 Nxg7 11. Nc3 f5 12. O-O-O Ne5 13. h4 Be6 14. Nh3 Qf6 15. Rdf1 Nxd3+ 16. cxd3 f4 17. Ne2 Nh5 18. Kb1 a5 19. Rc1 c6 20. Ng5 Bd7 21. d4 h6 22. Nh3 Kh7 23. Nf2 Rf7 24. Ka1 b5 25. Nd3 Ng3 26. e5 Qe6 27. Ndxf4 Qf5 28. Nxg3 Qxf4 29. Qxf4 Rxf4 30. Ne4 Kg7 31. exd6 Bf5 32. Rxc6 Rd8 33. Rc7+ Kf8 34. Rc5 Bxe4 35. fxe4 Rxe4 36. Rxb5 Rxd4 37. Rxa5 R8xd6 38. a4 Rd2 39. g4 Rb6 40. Rf1+ Ke7 41. Re5+ Kd8 42. Rf8+ Kd7 43. Rf7+ Kd8 44. g5 Rb8 45. Rf8+ Kc7 46. Rxb8 Kxb8 1-0

[Event "CAN-ch O1800"]
[Site "Toronto CAN"]
[Date "2025.04.19"]
[Round "3.24"]
[White "Wang, William"]
[Black "Dembla, Shabd"]
[Result "1-0"]
[WhiteElo "1713"]
[BlackElo "1909"]
[WhiteFideId "-1"]
[WhiteFideId "-1"]
[PlyCount "129"]
[GameId "2183569897570364"]
[EventDate "2025.04.18"]
[EventType "swiss"]
[EventRounds "9"]
[EventCountry "CAN"]

1. e4 c6 2. Nf3 d5 3. Nc3 dxe4 4. Nxe4 Nf6 5. Qe2 Nxe4 6. Qxe4 Nd7 7. Bc4 Nf6 8. Ne5 e6 9. Qe2 b5 10. Bb3 Qc7 11. d4 Bd6 12. a4 a6 13. Bf4 O-O 14. O-O Bb7 15. Bg3 Rfd8 16. Bh4 Kf8 17. f4 Be7 18. c3 Rd6 19. f5 bxa4 20. Bc4 c5 21. dxc5 Qxc5+ 22. Bf2 Qc7 23. fxe6 fxe6 24. Ng4 Qc6 25. Bd4 Ke8 26. Nxf6+ gxf6 27. Bxf6 Kd7 28. Rad1 Bxf6 29. Qxe6+ Kc7 30. Qxd6+ Qxd6 31. Rxd6 Kxd6 32. Rxf6+ Kc5 33. Bd3 Rd8 34. Rf5+ Kb6 35. Bc2 h5 36. Bxa4 Rd2 37. Rf2 Rd5 38. h3 Ka5 39. Bc2 Rg5 40. Rf5+ Rxf5 41. Bxf5 h4 42. Kf2 Ka4 43. Bc2+ Kb5 44. g3 hxg3+ 45. Kxg3 Bd5 46. Kf4 Be6 47. h4 Bf7 48. Kg5 a5 49. h5 Bxh5 50. Kxh5 Kc4 51. Kg5 Kc5 52. Kf5 Kc4 53. Ke5 Kc5 54. b3 Kb5 55. Kd6 Kb6 56. c4 Kb7 57. c5 a4 58. bxa4 Kc8 59. Bf5+ Kd8 60. c6 Ke8 61. c7 Kf7 62. c8=Q Kf6 63. Qe8 Kg7 64. a5 Kh6 65. Qg6# 1-0

[Event "CAN-ch O1800"]
[Site "Toronto CAN"]
[Date "2025.04.19"]
[Round "3.25"]
[White "Yin, Zeming"]
[Black "Wall, Keenan"]
[Result "1-0"]
[WhiteElo "1993"]
[BlackElo "1797"]
[WhiteFideId "-1"]
[WhiteFideId "-1"]
[PlyCount "29"]
[GameId "2183569897570365"]
[EventDate "2025.04.18"]
[EventType "swiss"]
[EventRounds "9"]
[EventCountry "CAN"]

1. e4 c6 2. Nf3 d5 3. Nc3 dxe4 4. Nxe4 Bf5 5. Ng3 Bg6 6. h4 h5 7. Ne5 Bh7 8. Qxh5 g6 9. Bc4 Qd6 10. Bxf7+ Kd8 11. Bxg6 Qe6 12. Bf7 Qf6 13. Qe2 Bg7 14. d4 Nh6 15. Nh5 1-0

[Event "CAN-ch O1800"]
[Site "Toronto CAN"]
[Date "2025.04.19"]
[Round "3.26"]
[White "Wu, Ting En Ryan"]
[Black "Mane, Arnav"]
[Result "1/2-1/2"]
[WhiteElo "1968"]
[BlackElo "1722"]
[WhiteFideId "-1"]
[WhiteFideId "-1"]
[PlyCount "74"]
[GameId "2183569897570366"]
[EventDate "2025.04.18"]
[EventType "swiss"]
[EventRounds "9"]
[EventCountry "CAN"]

1. e4 g6 2. d4 Bg7 3. Nf3 d6 4. Nc3 c6 5. h3 Nf6 6. Bd3 O-O 7. O-O Nbd7 8. a4 e5 9. Be3 Qe7 10. Qd2 d5 11. Bg5 exd4 12. Nxd4 dxe4 13. Rae1 Qd6 14. Bc4 Ne5 15. Bb3 c5 16. Ndb5 Qxd2 17. Bxd2 Bf5 18. Bf4 Nc6 19. g4 Bd7 20. Nxe4 Nxe4 21. Rxe4 Nd4 22. Nxd4 Bxd4 23. Re7 Bc6 24. Bh6 Bg7 25. Bxg7 Kxg7 26. Rfe1 Rae8 27. f4 h6 28. Kf2 Kf6 29. R7e5 Rxe5 30. Rxe5 b6 31. a5 Re8 32. axb6 axb6 33. Bd5 Bd7 34. Rxe8 Bxe8 35. b3 Bd7 36. c4 Ke7 37. Kf3 f6 1/2-1/2

[Event "CAN-ch O1800"]
[Site "Toronto CAN"]
[Date "2025.04.19"]
[Round "3.27"]
[White "Mullur, Neerav"]
[Black "Valavan, Aaryan"]
[Result "0-1"]
[WhiteElo "1894"]
[BlackElo "1767"]
[WhiteFideId "-1"]
[WhiteFideId "-1"]
[PlyCount "44"]
[GameId "2183569897607231"]
[EventDate "2025.04.18"]
[EventType "swiss"]
[EventRounds "9"]
[EventCountry "CAN"]

1. e4 g6 2. d4 Bg7 3. Nc3 d6 4. Be3 c6 5. Qd2 b5 6. h4 h5 7. Nh3 Bxh3 8. Rxh3 Nf6 9. Bg5 b4 10. Ne2 Nxe4 11. Qxb4 Nxg5 12. hxg5 Qb6 13. Rb3 Nd7 14. Qd2 Qc7 15. Nc3 O-O 16. Ne4 d5 17. Ng3 e5 18. dxe5 Bxe5 19. Ne2 Nc5 20. Rh3 Bxb2 21. Rd1 Ne4 22. Qe3 Rfe8 0-1

[Event "CAN-ch O1800"]
[Site "Toronto CAN"]
[Date "2025.04.19"]
[Round "3.28"]
[White "Satish Alwar, Dharsan"]
[Black "Byl, Oliver"]
[Result "0-1"]
[WhiteElo "1724"]
[BlackElo "1881"]
[WhiteFideId "-1"]
[WhiteFideId "-1"]
[PlyCount "70"]
[GameId "2183569897607232"]
[EventDate "2025.04.18"]
[EventType "swiss"]
[EventRounds "9"]
[EventCountry "CAN"]

1. d4 d6 2. Nf3 Nf6 3. c4 g6 4. e3 Bg7 5. Be2 O-O 6. Nc3 c5 7. O-O cxd4 8. exd4 d5 9. b3 b6 10. Bb2 Bb7 11. Re1 Nc6 12. h3 Rc8 13. cxd5 Nb4 14. a3 Nbxd5 15. Nxd5 Nxd5 16. Rc1 Nf4 17. Bc4 Qd7 18. Kh2 e6 19. g3 Nd5 20. Ne5 Qe7 21. Qd2 Rfd8 22. Bxd5 Bxd5 23. Rxc8 Rxc8 24. Rc1 Rxc1 25. Qxc1 Bb7 26. Ng4 Qd6 27. Qd1 e5 28. d5 Qxd5 29. Qxd5 Bxd5 30. b4 f6 31. Ne3 Bb3 32. Kg2 Kf7 33. Kf3 Ke6 34. g4 f5 35. Nf1 e4+ 0-1

[Event "CAN-ch O1800"]
[Site "Toronto CAN"]
[Date "2025.04.19"]
[Round "3.29"]
[White "Kong, Brian"]
[Black "Pan, Julian"]
[Result "1/2-1/2"]
[WhiteElo "1794"]
[BlackElo "1870"]
[WhiteFideId "-1"]
[WhiteFideId "-1"]
[PlyCount "95"]
[GameId "2183569897607233"]
[EventDate "2025.04.18"]
[EventType "swiss"]
[EventRounds "9"]
[EventCountry "CAN"]

1. e4 e5 2. Nf3 Nc6 3. Bb5 a6 4. Ba4 Nf6 5. Bxc6 dxc6 6. d3 Bg4 7. Nbd2 Bc5 8. h3 Bh5 9. Nb3 Bxf3 10. Qxf3 Ba7 11. Be3 Bxe3 12. fxe3 Qe7 13. O-O O-O-O 14. Nd2 Rhf8 15. Nc4 Nd7 16. Rab1 g6 17. b4 f5 18. a4 Rf6 19. b5 cxb5 20. axb5 axb5 21. Rxb5 c6 22. Nb6+ Nxb6 23. Rxb6 Qc5 24. Rfb1 Rd7 25. Kh2 Qxc2 26. exf5 Rxf5 27. Qg4 Rf2 28. Qg3 Re7 29. Qg4+ Kb8 30. Qg3 Ka7 31. Qg4 Ref7 32. Qg3 Rxg2+ 33. Qxg2 Rf2 34. Rxb7+ Ka6 35. Qxf2 Qxf2+ 36. Kh1 Qxe3 37. R7b2 Qf3+ 38. Kg1 Qg3+ 39. Kh1 Qxh3+ 40. Kg1 Qg4+ 41. Kf2 Qa4 42. Rb8 Qc2+ 43. Ke3 Qc5+ 44. Ke2 Ka7 45. R1b7+ Ka6 46. Rb1 Ka7 47. R1b7+ Ka6 48. Rb1 1/2-1/2

[Event "CAN-ch O1800"]
[Site "Toronto CAN"]
[Date "2025.04.19"]
[Round "3.30"]
[White "Zheng, Yanchen"]
[Black "Zhao, Shannon"]
[Result "1/2-1/2"]
[WhiteElo "1988"]
[BlackElo "1753"]
[WhiteFideId "-1"]
[WhiteFideId "-1"]
[PlyCount "106"]
[GameId "2183569897615427"]
[EventDate "2025.04.18"]
[EventType "swiss"]
[EventRounds "9"]
[EventCountry "CAN"]

1. e4 c5 2. Nf3 d6 3. c3 Nf6 4. Bc4 g6 5. O-O Bg7 6. Re1 O-O 7. d4 cxd4 8. cxd4 e6 9. Bb3 Nc6 10. Nc3 d5 11. Bg5 h6 12. Bxf6 Qxf6 13. exd5 Nxd4 14. Nxd4 Qxd4 15. dxe6 Bxe6 16. Bxe6 fxe6 17. Qc2 Qf6 18. Re2 Rac8 19. Qb3 Rc7 20. Rd1 Kh7 21. f3 Re7 22. Rde1 Rfe8 23. Kf1 a6 24. Re4 Qf5 25. Rd1 Qh5 26. a3 Qc5 27. Ne2 e5 28. Nc3 b5 29. Rd5 Qc6 30. a4 bxa4 31. Rxa4 Rb7 32. Qa3 Reb8 33. Qd6 Qxd6 34. Rxd6 Rb6 35. Rxa6 Rxa6 36. Rxa6 Rxb2 37. Ne4 g5 38. Ng3 Bf8 39. Ra5 Bb4 40. Ra1 Bc5 41. Ne4 Bd4 42. Re1 Kg6 43. Rd1 Kf5 44. Rd2 Rxd2 45. Nxd2 Kf4 46. Ne4 h5 47. Nf6 h4 48. Ne4 Bb6 49. Ke2 Bd4 50. Kd3 Bb6 51. Kc4 Bd8 52. Kd5 Bb6 53. Ke6 Bd8 1/2-1/2

[Event "CAN-ch O1800"]
[Site "Toronto CAN"]
[Date "2025.04.19"]
[Round "3.31"]
[White "Chen, Michael"]
[Black "Ajanthan, Amuthab"]
[Result "0-1"]
[WhiteElo "1864"]
[BlackElo "1744"]
[WhiteFideId "-1"]
[WhiteFideId "-1"]
[PlyCount "90"]
[GameId "2183569897619524"]
[EventDate "2025.04.18"]
[EventType "swiss"]
[EventRounds "9"]
[EventCountry "CAN"]

1. d4 Nf6 2. c4 g6 3. Nc3 Bg7 4. e4 d6 5. h3 O-O 6. Be3 Nbd7 7. Qd2 c5 8. d5 a6 9. Nf3 Qc7 10. Be2 e6 11. O-O exd5 12. exd5 Re8 13. Rab1 Ne4 14. Nxe4 Rxe4 15. Bd3 Re8 16. Bh6 Ne5 17. Nxe5 Bxe5 18. Rfe1 Bd7 19. Bf4 Bd4 20. Rxe8+ Rxe8 21. b3 b5 22. Re1 b4 23. Rxe8+ Bxe8 24. Qe2 Be5 25. Bxe5 dxe5 26. f4 f6 27. Kf2 Kf7 28. fxe5 Qxe5 29. Qxe5 fxe5 30. Ke3 Kf6 31. g4 Bd7 32. Ke4 h6 33. Kf3 g5 34. Bh7 Kg7 35. Bf5 Bxf5 36. gxf5 Kf6 37. d6 h5 38. Ke4 g4 39. hxg4 hxg4 40. Ke3 Kf7 41. Kf2 e4 42. Ke3 g3 43. Ke2 Kf6 44. Kf1 e3 45. d7 Ke7 0-1

[Event "CAN-ch O1800"]
[Site "Toronto CAN"]
[Date "2025.04.19"]
[Round "3.32"]
[White "Li, Allen"]
[Black "Lin, Ryder"]
[Result "1/2-1/2"]
[WhiteElo "1830"]
[BlackElo "1744"]
[WhiteFideId "-1"]
[WhiteFideId "-1"]
[PlyCount "69"]
[GameId "2183569897623621"]
[EventDate "2025.04.18"]
[EventType "swiss"]
[EventRounds "9"]
[EventCountry "CAN"]

1. d4 d5 2. Bf4 Nf6 3. e3 e6 4. Nd2 c5 5. c3 Nc6 6. Bd3 h6 7. Ngf3 cxd4 8. exd4 Nh5 9. Bg3 Bd6 10. Qe2 Nf4 11. Bxf4 Bxf4 12. g3 Bd6 13. Ne5 Nxe5 14. dxe5 Bc5 15. f4 a6 16. Nb3 Ba7 17. Nd4 Bd7 18. O-O-O Rc8 19. Bc2 Qa5 20. Kb1 b5 21. f5 Bxd4 22. Rxd4 exf5 23. e6 Bxe6 24. Bxf5 Rc6 25. Bxe6 Rxe6 26. Qg4 O-O 27. Rxd5 Rfe8 28. Rhd1 Re2 29. R1d2 R2e4 30. Qf5 Qa4 31. Rd1 Re2 32. Rd8 Qe4+ 33. Qxe4 R2xe4 34. Rxe8+ Rxe8 35. Kc2 1/2-1/2

[Event "CAN-ch O1800"]
[Site "Toronto CAN"]
[Date "2025.04.19"]
[Round "3.33"]
[White "Li, Justin"]
[Black "Kolndreu, Albion"]
[Result "1-0"]
[WhiteElo "1793"]
[BlackElo "1733"]
[WhiteFideId "-1"]
[WhiteFideId "-1"]
[PlyCount "177"]
[GameId "2183569897627718"]
[EventDate "2025.04.18"]
[EventType "swiss"]
[EventRounds "9"]
[EventCountry "CAN"]

1. d4 d5 2. Bf4 c6 3. c3 e6 4. Nf3 Bd6 5. Bg3 Nf6 6. e3 b6 7. Nbd2 Bb7 8. Bd3 Qc7 9. Ne5 Nbd7 10. f4 c5 11. O-O O-O 12. Bh4 Ne4 13. Ndf3 f5 14. Ng5 Rae8 15. Bb5 Bxe5 16. fxe5 a6 17. Bd3 h6 18. Nh3 Rf7 19. Qh5 Nf8 20. Be1 Qe7 21. Nf4 Kh7 22. Qe2 b5 23. Rf3 g5 24. Nh5 Nd7 25. Bd2 g4 26. Rf4 Qh4 27. Ng3 Nxg3 28. hxg3 Qe7 29. Qxg4 Qg5 30. Qxg5 hxg5 31. Rff1 g4 32. Kf2 c4 33. Bc2 Nf8 34. Rh1+ Kg7 35. Rh5 Nh7 36. Rah1 Rh8 37. Ke2 Bc6 38. Bc1 Be8 39. Rh6 Rd7 40. Kd2 Bg6 41. R6h4 a5 42. a3 Rb8 43. b3 cxb3 44. Bxb3 b4 45. axb4 axb4 46. cxb4 Rxb4 47. Bxd5 exd5 48. Ba3 Rdb7 49. Bxb4 Rxb4 50. Rc1 Rb7 51. Rc5 Bf7 52. Rh1 Ng5 53. Kc2 Ne4 54. Rc6 Re7 55. Ra1 Nxg3 56. Rca6 Rc7+ 57. Kd1 Ne4 58. Ra7 Rc6 59. Rc1 Re6 60. Rcc7 Ng5 61. Ke2 Rb6 62. Rab7 Rh6 63. Kf2 Kg6 64. Rc6+ Be6 65. Rbb6 Kh5 66. Kg3 Rg6 67. Rc1 Kh6 68. Rh1+ Kg7 69. Rb7+ Bf7 70. Rc1 Ne6 71. Ra7 Rh6 72. Rc6 Kg6 73. Rd6 Bg8 74. Rxd5 Bf7 75. Rd6 Kg7 76. Rdd7 Ng5 77. Kf4 Kg6 78. Ra6+ Ne6+ 79. Kg3 Kg7 80. Rdd6 Rg6 81. d5 Ng5 82. Rxg6+ Bxg6 83. Ra7+ Kf8 84. Kf4 Ne4 85. e6 Nf6 86. Ke5 Ne4 87. d6 g3 88. Ra8+ Kg7 89. d7 1-0

[Event "CAN-ch O1800"]
[Site "Toronto CAN"]
[Date "2025.04.19"]
[Round "3.34"]
[White "Aravinthan, Adhvik"]
[Black "Moran-Venegas, Mario"]
[Result "1/2-1/2"]
[WhiteElo "1775"]
[BlackElo "1729"]
[WhiteFideId "-1"]
[WhiteFideId "-1"]
[PlyCount "72"]
[GameId "2183569897627719"]
[EventDate "2025.04.18"]
[EventType "swiss"]
[EventRounds "9"]
[EventCountry "CAN"]

1. e4 c5 2. Nf3 d6 3. d4 cxd4 4. Nxd4 Nf6 5. Nc3 a6 6. Bd3 e5 7. Nf3 Be7 8. Bg5 Nbd7 9. Bc4 h6 10. Bh4 b5 11. Bb3 Bb7 12. Bxf6 Nxf6 13. Bd5 Bxd5 14. exd5 Rc8 15. a3 Rc5 16. Qd2 O-O 17. O-O Qb6 18. Rfe1 Rfc8 19. Nh4 Rc4 20. Nf5 Bf8 21. Qe3 Qxe3 22. Nxe3 Rd4 23. Rad1 Rxd1 24. Rxd1 g6 25. Kf1 h5 26. Ke2 Bh6 27. h3 Kg7 28. Rd3 h4 29. Ncd1 Ne4 30. f3 Ng3+ 31. Kf2 f5 32. Rc3 Nh1+ 33. Ke2 Ng3+ 34. Kf2 Rxc3 35. Nxc3 Nh1+ 36. Ke2 Ng3+ 1/2-1/2

[Event "CAN-ch O1800"]
[Site "Toronto CAN"]
[Date "2025.04.19"]
[Round "4.1"]
[White "Lee, Daniel Joshua"]
[Black "Wang, Bingfei"]
[Result "0-1"]
[WhiteElo "1989"]
[BlackElo "2111"]
[WhiteFideId "-1"]
[WhiteFideId "-1"]
[PlyCount "62"]
[GameId "2183959787660125"]
[EventDate "2025.04.18"]
[EventType "swiss"]
[EventRounds "9"]
[EventCountry "CAN"]

1. e4 e6 2. d4 d5 3. Nd2 dxe4 4. Nxe4 Nd7 5. Be3 Ngf6 6. Bd3 Be7 7. Nf3 O-O 8. Qd2 Nxe4 9. Bxe4 Nf6 10. Bd3 b6 11. O-O-O Bb7 12. Bg5 Bxf3 13. gxf3 Qd5 14. Kb1 Qxf3 15. Rhg1 Rfe8 16. Rg3 Qd5 17. Bxf6 Bxf6 18. Qf4 Qd8 19. Qh6 g6 20. Rh3 Qxd4 21. c3 Qg4 22. f3 Qg5 23. Qxh7+ Kf8 24. f4 Qg4 25. Kc2 Rad8 26. Rh6 Ke7 27. Rxg6 Qxd1+ 28. Kxd1 Rxd3+ 29. Ke2 Rh8 30. Qxh8 Bxh8 31. Rg8 Rd8 0-1

[Event "CAN-ch O1800"]
[Site "Toronto CAN"]
[Date "2025.04.19"]
[Round "4.2"]
[White "Loadman, Ian"]
[Black "Li, Hongyi"]
[Result "0-1"]
[WhiteElo "2024"]
[BlackElo "1973"]
[WhiteFideId "-1"]
[WhiteFideId "-1"]
[PlyCount "62"]
[GameId "2183959787742056"]
[EventDate "2025.04.18"]
[EventType "swiss"]
[EventRounds "9"]
[EventCountry "CAN"]

1. e4 c5 2. Nf3 Nc6 3. Bb5 e6 4. O-O Nge7 5. Re1 a6 6. Bf1 b5 7. a4 b4 8. c3 Ng6 9. d4 bxc3 10. bxc3 cxd4 11. cxd4 Be7 12. Ba3 O-O 13. Nc3 Bxa3 14. Rxa3 a5 15. Nb5 d5 16. e5 f6 17. Bd3 Ba6 18. Bxg6 hxg6 19. Qc2 Qb6 20. Qxg6 Bxb5 21. axb5 Nxd4 22. Nxd4 Qxd4 23. Rg3 Rf7 24. exf6 Qxf6 25. Qc2 Qd4 26. Rh3 Rf5 27. Rhe3 Raf8 28. Qc6 R5f6 29. Rf3 Rxf3 30. gxf3 Rf6 31. Re3 Qd1+ 0-1

[Event "CAN-ch O1800"]
[Site "Toronto CAN"]
[Date "2025.04.19"]
[Round "4.3"]
[White "Russell, Wesley"]
[Black "Southam, David"]
[Result "1-0"]
[WhiteElo "1973"]
[BlackElo "2037"]
[WhiteFideId "-1"]
[WhiteFideId "-1"]
[PlyCount "101"]
[GameId "2183959787783027"]
[EventDate "2025.04.18"]
[EventType "swiss"]
[EventRounds "9"]
[EventCountry "CAN"]

1. e4 e6 2. d4 d5 3. e5 c5 4. c3 Nc6 5. Nf3 Bd7 6. Be2 Nge7 7. O-O Ng6 8. Na3 Be7 9. Nc2 O-O 10. Re1 cxd4 11. cxd4 f6 12. Bd3 Qe8 13. Bd2 fxe5 14. dxe5 Nf4 15. Bxf4 Rxf4 16. a3 Qh5 17. b4 a6 18. Nd2 Qh6 19. Re3 Raf8 20. Rh3 Rh4 21. Rxh4 Bxh4 22. Nf3 Bd8 23. Qc1 Qxc1+ 24. Rxc1 Bb6 25. a4 Rc8 26. Re1 Na7 27. a5 Bd8 28. Ncd4 Rc3 29. Bf1 Kf7 30. h3 Ke7 31. Kh2 h6 32. Kg1 Be8 33. Re3 Rc1 34. Re1 Rc8 35. Bd3 Rc3 36. Bf1 Ra3 37. Re3 Ra4 38. Rb3 Nc6 39. Nxc6+ Bxc6 40. Nd4 Kd7 41. Nxc6 bxc6 42. Bxa6 Be7 43. b5 Ra1+ 44. Kh2 cxb5 45. Bxb5+ Kd8 46. a6 Bc5 47. f4 Ra5 48. Be2 Be7 49. Rb8+ Kd7 50. Rb7+ Kd8 51. a7 1-0

[Event "CAN-ch O1800"]
[Site "Toronto CAN"]
[Date "2025.04.19"]
[Round "4.4"]
[White "Mammadov, Nihad"]
[Black "Hong, Zihan"]
[Result "0-1"]
[WhiteElo "1969"]
[BlackElo "1999"]
[WhiteFideId "-1"]
[WhiteFideId "-1"]
[PlyCount "161"]
[GameId "2183959787807609"]
[EventDate "2025.04.18"]
[EventType "swiss"]
[EventRounds "9"]
[EventCountry "CAN"]

1. e4 c5 2. c4 Nc6 3. Nc3 g6 4. g3 Bg7 5. Bg2 d6 6. d3 e5 7. Nge2 h5 8. h4 Nge7 9. Be3 O-O 10. Qd2 Kh7 11. O-O Be6 12. f4 f5 13. Rae1 Qd7 14. b3 Nd4 15. Nd5 Bxd5 16. exd5 Nxe2+ 17. Rxe2 b6 18. fxe5 dxe5 19. Bg5 Nc8 20. b4 Re8 21. bxc5 bxc5 22. Qa5 Bf8 23. Rb1 Bd6 24. Be3 Qe7 25. Reb2 Nb6 26. Rb5 Rac8 27. a4 f4 28. gxf4 exf4 29. Bf2 f3 30. Bxf3 Rf8 31. Bg2 Rxf2 32. Kxf2 Qxh4+ 33. Ke2 Qg4+ 34. Kd2 Qxg2+ 35. Kc3 Rc7 36. Kb3 Qe2 37. Qc3 Be5 38. Qc2 Qxc2+ 39. Kxc2 Nxa4 40. Re1 Bd6 41. Re6 Rd7 42. Ra5 Nb6 43. Kc3 h4 44. d4 cxd4+ 45. Kxd4 h3 46. c5 h2 47. Ra1 Bxc5+ 48. Kxc5 Rxd5+ 49. Kc6 Rh5 50. Rh1 Nc4 51. Re2 Ne5+ 52. Kb5 Ng4+ 53. Kc4 Rf5 54. Kd4 Kh6 55. Ra2 a5 56. Rg2 Kh5 57. Rgxh2+ Nxh2 58. Rxh2+ Kg5 59. Ke4 a4 60. Rg2+ Kf6 61. Ra2 Ra5 62. Rf2+ Kg7 63. Ra2 a3 64. Kd4 g5 65. Kc4 g4 66. Kb4 Ra7 67. Kc3 Kg6 68. Kd4 Kg5 69. Ke4 Ra4+ 70. Ke3 Kh4 71. Kf2 Kh3 72. Kg1 g3 73. Kh1 Rb4 74. Rh2+ Kg4 75. Ra2 Rb1+ 76. Kg2 Rb2+ 77. Rxb2 axb2 78. Kg1 b1=Q+ 79. Kg2 Qc2+ 80. Kg1 Qf2+ 81. Kh1 0-1

[Event "CAN-ch O1800"]
[Site "Toronto CAN"]
[Date "2025.04.19"]
[Round "4.5"]
[White "Daigneault, Henry"]
[Black "Lin, Austin"]
[Result "1/2-1/2"]
[WhiteElo "1933"]
[BlackElo "1990"]
[WhiteFideId "-1"]
[WhiteFideId "-1"]
[PlyCount "63"]
[GameId "2183959787807610"]
[EventDate "2025.04.18"]
[EventType "swiss"]
[EventRounds "9"]
[EventCountry "CAN"]

1. e4 c5 2. Nf3 e6 3. d4 cxd4 4. Nxd4 Nf6 5. Nc3 Nc6 6. Nxc6 bxc6 7. e5 Nd5 8. Nxd5 cxd5 9. Bd3 d6 10. Bf4 Qc7 11. Qe2 Rb8 12. O-O Rxb2 13. Rfb1 Rb6 14. Rxb6 axb6 15. Bb5+ Bd7 16. Rb1 Be7 17. Bxd7+ Kxd7 18. Qb5+ Qc6 19. Qxb6 Rc8 20. Qxc6+ Rxc6 21. Rb7+ Rc7 22. Rxc7+ Kxc7 23. Kf1 Kc6 24. Ke2 dxe5 25. Bxe5 f6 26. Bb2 g5 27. g4 e5 28. f3 Kb5 29. Kd3 Ka4 30. c4 d4 31. Ke4 Kb4 32. Kd3 1/2-1/2

[Event "CAN-ch O1800"]
[Site "Toronto CAN"]
[Date "2025.04.19"]
[Round "4.6"]
[White "Zaka, Mohid"]
[Black "Pollitt, Henry"]
[Result "1-0"]
[WhiteElo "1910"]
[BlackElo "1985"]
[WhiteFideId "-1"]
[WhiteFideId "-1"]
[PlyCount "131"]
[GameId "2183959787815803"]
[EventDate "2025.04.18"]
[EventType "swiss"]
[EventRounds "9"]
[EventCountry "CAN"]

1. d4 d5 2. c4 e6 3. cxd5 exd5 4. Nc3 Nf6 5. Bg5 Be7 6. e3 c6 7. Bd3 O-O 8. Nge2 Be6 9. Qc2 h6 10. Bh4 Nbd7 11. O-O Rc8 12. Rab1 c5 13. h3 a6 14. Bf5 Nh5 15. Bxe7 Qxe7 16. dxc5 Rxc5 17. Nd4 Rfc8 18. Rfd1 b5 19. Qe2 Nhf6 20. Qf3 Ne5 21. Qg3 Nc4 22. Nce2 Nd6 23. Bxe6 fxe6 24. Qe5 Re8 25. Rdc1 Rxc1+ 26. Rxc1 Nc4 27. Qg3 Ne4 28. Qg6 Ne5 29. Qh5 Nd3 30. Rc6 Qd7 31. Rc7 Qxc7 32. Qxe8+ Kh7 33. Qxe6 Ndxf2 34. Qf5+ g6 35. Qxd5 Qe7 36. a3 h5 37. Ne6 Nf6 38. Qe5 Nxh3+ 39. gxh3 Qa7 40. Qxf6 Qxe3+ 41. Kf1 Qxh3+ 42. Ke1 Qh1+ 43. Kd2 Qd5+ 44. Kc2 Qe4+ 45. Kd2 Qd5+ 46. N6d4 Qa2 47. Qe7+ Kh6 48. Qf8+ Kh7 49. Qe7+ Kh6 50. Qe3+ Kh7 51. Qc3 Qd5 52. Qc7+ Kh6 53. Kd3 Qa2 54. Qf4+ Kh7 55. Qc7+ Kh6 56. Qc1+ Kh7 57. Nf4 Qf7 58. Nfe6 Qf6 59. Ng5+ Kg8 60. Qc8+ Qf8 61. Qe6+ Kh8 62. Ke2 Kg7 63. Qe5+ Kh6 64. Nde6 Qg8 65. Qf4 Qe8 66. Ne4+ 1-0